[Event "Petrosian Mem Open"]
[Site "Yerevan ARM"]
[Date "2004.11.24"]
[Round "6"]
[White "Mchedlishvili,M"]
[Black "Galstian,B"]
[Result "0-1"]
[WhiteElo "2504"]
[BlackElo "2386"]

1.d4 Nf6 2.Nf3 d5 3.c4 c6 4.Nc3 a6 5.e3 b5 6.c5 Bg4 7.Qb3 Bxf3 8.gxf3 e5
9.a4 Nbd7 10.Na2 Qc8 11.Nb4 exd4 12.exd4 a5 13.Nd3 b4 14.h4 g6 15.Bh3 Bg7
16.Be3 O-O 17.f4 Nh5 18.f5 Qc7 19.O-O-O Rae8 20.Kb1 Re4 21.Ne1 Rfe8 22.Nf3 Ndf6
23.Rhg1 Nf4 24.Bf1 gxf5 25.Ng5 R4e7 26.Qc2 Ne4 27.Qc1 Nh5 28.Be2 Nef6 29.Bxh5 Nxh5
30.Qc2 f6 31.Nxh7 Re4 32.Qe2 Rxh4 33.Qxh5 Rxh5 34.Nxf6+ Kf8 35.Nxh5 Bh8 36.Rg5 Ke7
37.Nf4 Kd7 38.Rg6 Kc8 39.Rd6 Kb7 40.Rg1 b3 41.Rc1 Ka8 42.Rc3 Qb7 43.Nd3 f4
44.Nxf4 Rg8 45.Nd3 Rg1+ 46.Rc1 Rxc1+ 47.Kxc1 Qa6 48.Kd2 Qc4 49.Ke2 Qc2+ 50.Bd2 Bxd4
51.Rxc6 Bxb2 52.Nxb2 Qxb2 53.Ra6+ Kb7 54.Rxa5 Qc2  0-1

[Event "RusFed Internet Blitz Cup"]
[Site "ChessAssistantClub INT"]
[Date "2004.11.25"]
[Round "8"]
[White "Kryakvin,D"]
[Black "Rustemov,A"]
[Result "0-1"]
[WhiteElo "2487"]
[BlackElo "2602"]

1.d4 d5 2.c4 c6 3.Nf3 Nf6 4.Nc3 a6 5.c5 Nbd7 6.Bf4 Nh5 7.e3 Nxf4 8.exf4 Qc7
9.g3 g6 10.Bd3 Bg7 11.O-O O-O 12.Re1 e6 13.b4 b6 14.Ne5 a5 15.a3 axb4 16.axb4 Bb7
17.Qd2 bxc5 18.bxc5 Rfb8 19.Na4 Bc8 20.Bf1 Ra7 21.Nxd7 Bxd7 22.Nb6 Rbb7 23.Reb1 Rxa1
24.Rxa1 Ra7 25.Qb2 Be8 26.Ba6 h6 27.Ra4 Bf6 28.Qb4 Kg7 29.Kg2 g5 30.fxg5 hxg5
31.Qd2 e5 32.dxe5 Qxe5 33.Nc8 Ra8 34.Nd6 Bd7 35.Bb5 Rxa4 36.Bxa4 Qc3 37.Qxc3 Bxc3
38.Nb7 g4 39.f3 d4 40.fxg4 d3 41.Kf3 d2 42.h3 Be6 43.Ke2 Bc4+ 44.Kd1 Bd5
45.Ke2 Bb4 46.h4 Be6 47.Kf3 Kf6 48.g5+ Kg6 49.g4 Bd5+ 50.Ke2 Be6 51.Kf3 Kg7
52.h5 Bd5+ 53.Ke2 Be6 54.Kf3 Bd5+ 55.Ke2 Bc4+ 56.Kf3 Be6 57.Nd8 Bd5+ 58.Ke2 Bxc5
59.Nb7 Be7 60.h6+ Kh8 61.Na5 Bxg5 62.Nxc6 Be6 63.Nd4 Bxg4+ 64.Nf3 Bxh6 65.Kf2 Kg7
66.Bd1 f5 67.Kg3 Kf6 68.Kf2 Bf4 69.Kg2 Ke6 70.Kf2 Kd5 71.Kg2 Ke4 72.Kf2 Kd3
73.Be2+ Kc3 74.Bd1 Kb2 75.Ke2 Kc1  0-1

[Event "RusFed Internet Blitz Cup"]
[Site "ChessAssistantClub INT"]
[Date "2004.11.25"]
[Round "10"]
[White "Riazantsev,A"]
[Black "Volkov,S1"]
[Result "0-1"]
[WhiteElo "2596"]
[BlackElo "2628"]

1.d4 d5 2.c4 c6 3.Nf3 Nf6 4.Nc3 a6 5.e3 b5 6.b3 Bg4 7.Be2 e6 8.O-O Nbd7 9.h3 Bf5
10.Bd3 Bxd3 11.Qxd3 Bb4 12.Bb2 bxc4 13.bxc4 O-O 14.Rab1 Qe7 15.Ba1 a5 16.Na4 dxc4
17.Qxc4 c5 18.dxc5 Nxc5 19.Bxf6 gxf6 20.Nxc5 Bxc5 21.Rfd1 Rfd8 22.Rdc1 Ba3
23.Rc2 Rab8 24.Rxb8 Rxb8 25.Nd4 Rb1+ 26.Kh2 Bd6+ 27.g3 Qb7 28.Nc6 Ra1 29.Rc1 Qb2
30.Qg4+ Kf8 31.Rxa1 Qxf2+ 32.Kh1 Bxg3 33.Qxg3 Qxg3 34.Nxa5 Qxh3+  0-1

[Event "RusFed Internet Blitz Cup"]
[Site "ChessAssistantClub INT"]
[Date "2004.11.25"]
[Round "12"]
[White "Shipov,S"]
[Black "Volkov,S1"]
[Result "1-0"]
[WhiteElo "2588"]
[BlackElo "2628"]

1.d4 d5 2.c4 c6 3.Nc3 Nf6 4.Nf3 a6 5.e3 b5 6.c5 Bg4 7.Qb3 Nbd7 8.Be2 g6 9.a4 Bg7
10.Qa3 O-O 11.Ne5 Bxe2 12.Nxc6 Qc7 13.Nxe7+ Kh8 14.Nxe2 b4 15.Qb3 Nxc5 16.dxc5 Qxe7
17.Qxb4 Rfb8 18.Qa3 Ne4 19.c6 Qc7 20.O-O Qxc6 21.Qd3 Rb7 22.Rd1 Rd7 23.Nd4 Qf6
24.f3 Nc5 25.Qa3 Ne6 26.Kh1 Kg8 27.Qd3 a5 28.Bd2 Nxd4 29.Bc3 Qf5 30.Bxd4 Qxd3
31.Rxd3 Bxd4 32.Rxd4 Rb8 33.e4 Rxb2 34.exd5 Kf8 35.h4 Ke7 36.Rc1 Rb4 37.Rxb4 axb4
38.Rb1 Rb7 39.a5 Kd6 40.a6 Ra7 41.Rxb4 Rxa6 42.Rb7 f5 43.Rxh7 Kxd5 44.Re7 Ra4
45.g3 f4 46.g4 Ra1+ 47.Kg2 Ra2+ 48.Kf1 Rh2 49.Rg7 Rxh4 50.Rxg6 Kd4 51.Kg2 Rh8
52.Re6 Rf8 53.Re4+ Kd5 54.Kh3 Rh8+ 55.Kg2 Rf8 56.Ra4 Ke5 57.Ra5+ Ke6 58.Kh3 Rh8+
59.Rh5 Rc8 60.Rf5 Rh8+ 61.Kg2 Rc8 62.Rxf4 Rc2+ 63.Kg3 Rc1 64.Re4+ Kf6 65.Kf4 Rc5
66.Ra4 Rb5 67.Ra6+ Kg7 68.g5 Rb4+ 69.Kf5 Rb5+ 70.Kg4 Rb1 71.f4 Rb5 72.Ra7+ Kg6
73.Ra6+ Kg7 74.f5 Rb1 75.Ra7+ Kf8 76.Kh5 Rb6 77.f6 Rb1 78.Kg6 Ke8 79.Ra8+ Kd7
80.f7 Rb6+ 81.Kg7 Rb5 82.g6 Rb8 83.Rxb8 Kc7 84.f8=Q Kc6 85.Qd8 Kc5 86.Rb7 Kc4
87.Rc7+ Kb5 88.Qb8+ Ka6 89.Ra7+  1-0

[Event "Lushki B"]
[Site "Serpukhov RUS"]
[Date "2004.11.30"]
[Round "17"]
[White "Khudaverdieva,A"]
[Black "Papenin,N"]
[Result "1-0"]
[WhiteElo "2086"]
[BlackElo "2391"]

1.d4 d5 2.c4 c6 3.Nf3 Nf6 4.Nc3 a6 5.e3 b5 6.b3 Bg4 7.Be2 e6 8.O-O Nbd7 9.h3 Bh5
10.Bb2 Bd6 11.Ne5 Bxe2 12.Nxe2 Qc7 13.cxd5 cxd5 14.Rc1 Qb8 15.Nxd7 Kxd7 16.f3 Qa7
17.Nf4 Bxf4 18.exf4 Nh5 19.f5 exf5 20.Qd2 f4 21.Ba3 f6 22.Qb4 Ng3 23.Qd6+  1-0

[Event "It"]
[Site "Legnica POL"]
[Date "2004.12.04"]
[Round "3"]
[White "Lagowski,P"]
[Black "Stopa,Ja"]
[Result "0-1"]
[WhiteElo "2406"]
[BlackElo "2308"]

1.d4 d5 2.Nf3 Nf6 3.c4 c6 4.Nc3 a6 5.c5 Bg4 6.Qb3 Ra7 7.Ne5 Bf5 8.Bf4 Nbd7
9.e3 Nxe5 10.Bxe5 Nd7 11.Bg3 e5 12.O-O-O Be7 13.Bxe5 Nxe5 14.Qb6 Qb8 15.dxe5 Bd8
16.Qb3 Qxe5 17.Nxd5 cxd5 18.Rxd5 Qf6 19.Qa4+ Kf8 20.Rd6 Be6 21.Bc4 Be7 22.Rd2 g6
23.Bxe6 Qxe6 24.Rd7 Bxc5 25.Qc2 Be7 26.Qc7 Ra8 27.Qxb7 Re8 28.Kb1 Kg7 29.Qd5 Qxd5
30.Rxd5 Rd8 31.Ra5 Rd2 32.Rxa6 Rb8 33.b3 Bf6 34.Rf1 Rb2+ 35.Kc1 Rc8+ 36.Kd1 Rcc2
37.a4 Rd2+ 38.Kc1 Rbc2+ 39.Kb1 Ra2  0-1

[Event "TCh-SWE Elitserien 2004-5"]
[Site "Stockholm/Eksjo SWE"]
[Date "2004.12.04"]
[Round "4"]
[White "Lyrberg,P"]
[Black "Agrest,E"]
[Result "1/2-1/2"]
[WhiteElo "2432"]
[BlackElo "2604"]

1.d4 d5 2.c4 c6 3.Nf3 Nf6 4.Nc3 a6 5.e3 e6 6.Qc2 c5 7.a3 dxc4 8.dxc5 Bxc5
9.Bxc4 Nbd7 10.b4 Bd6 11.Ba2 b5 12.Ne4 Be7 13.Qc6 Ra7 14.Nd6+ Bxd6 15.Qxd6 Qc7
16.Qd1 Bb7 17.Bb2 O-O 18.Qd4 Bxf3 19.gxf3 e5 20.Qd3 Rd8 21.Rd1 Raa8 22.Qf5 g6
23.Rg1 Kf8 24.Qg5 Rac8 25.Bb3 a5 26.Rd2 Qc6 27.Ke2 a4 28.Rc1 Qb6 29.Rxc8 Rxc8
30.Ba2 Re8 31.Rc2 Qd6 32.Qg1 Nb6 33.Qd1 Qe7 34.Rc5 Nfd7 35.Rc6  1/2-1/2

[Event "ch-IND"]
[Site "Visakhapatnam IND"]
[Date "2004.12.06"]
[Round "3"]
[White "Sundararajan,K"]
[Black "Suvrajit,S"]
[Result "1-0"]
[WhiteElo "2476"]
[BlackElo "2395"]

1.d4 d5 2.c4 c6 3.Nf3 Nf6 4.Nc3 a6 5.c5 Bf5 6.Qb3 Ra7 7.Bf4 Nbd7 8.e3 e6
9.h3 Be7 10.Be2 O-O 11.O-O Ne4 12.Nxe4 Bxe4 13.Nd2 Bg6 14.Qc3 a5 15.a3 a4
16.b4 axb3 17.a4 b6 18.cxb6 Qxb6 19.a5 Qb4 20.Qxb4 Bxb4 21.Nxb3 Bc2 22.a6 e5
23.Bxe5 c5 24.Na5 Nxe5 25.dxe5 Re8 26.Rfc1 Bf5 27.Nb7 c4 28.Nd6 Bxd6 29.exd6 Rd8
30.Rd1 Bd3 31.Bxd3 cxd3 32.Rxd3 Rxd6 33.Ra5 Raxa6 34.Rxa6 Rxa6 35.Rxd5 g6
36.g4 Kg7 37.Kg2 h6 38.h4 Ra4 39.Kg3 Rb4 40.f4 Rb3 41.Kf3 Ra3 42.h5 gxh5
43.Rxh5 Rb3 44.Re5 Rb4 45.Re4 Rb3 46.Rc4 Rb1 47.Ke4 Rb5 48.Rd4 Kg6 49.Rd6+ Kg7
50.Rd5 Rb3 51.Kd4 Kf6 52.Rd6+ Kg7 53.Ra6 Rb1 54.Ke4 Rb4+ 55.Kf3 Rb3 56.f5 Rb1
57.Kf4 Rf1+ 58.Ke5 Rb1 59.Ra7 Rb5+ 60.Kf4 Rb1 61.e4 Rf1+ 62.Ke5 Rb1 63.Re7 Ra1
64.Rd7 Ra5+ 65.Rd5 Ra1 66.Kd6 Rg1 67.e5 Rxg4 68.Ke7 Ra4 69.Rd8 Ra7+ 70.Rd7 Ra5
71.Kd6 Ra6+ 72.Ke7 Ra5 73.e6 fxe6 74.f6+ Kg6 75.f7 Rf5 76.f8=Q Rxf8 77.Kxf8 h5
78.Ke7 Kf5 79.Kd6 h4 80.Rh7 Kg4 81.Ke5 h3 82.Ke4 Kg3 83.Ke3 h2 84.Rg7+ Kh3
85.Kf2 h1=N+ 86.Kf3 Kh2 87.Rg2+ Kh3 88.Rg6 Kh2 89.Rxe6 Kg1 90.Rg6+ Kh2 91.Rg2+ Kh3
92.Rg8  1-0

[Event "UTD GM"]
[Site "Dallas USA"]
[Date "2004.12.07"]
[Round "1"]
[White "Novikov,I"]
[Black "Simutowe,A"]
[Result "1-0"]
[WhiteElo "2588"]
[BlackElo "2424"]

1.d4 Nf6 2.c4 c6 3.Nc3 d5 4.Nf3 a6 5.e3 b5 6.c5 Nbd7 7.Qb3 Rb8 8.e4 Nxe4
9.Nxe4 dxe4 10.Ng5 e6 11.Bf4 Qa5+ 12.Kd1 Rb7 13.Nxe4 Nf6 14.Bd3 Nd5 15.Nd6+ Bxd6
16.Bxd6 Qd8 17.Ke2 Qh4 18.g3 Qg4+ 19.Kf1 Qf3 20.Kg1 Bd7 21.Re1 f5 22.a3 Kf7
23.Qc2 Qg4 24.Be5 Ra8 25.Qd2 a5 26.h3 Qh5 27.g4 Qh4 28.Rh2 a4 29.Rg2 g6 30.Be2 b4
31.Bd1 bxa3 32.bxa3 Rb1 33.g5 f4 34.Kh2 h5 35.Bc2 Rxe1 36.Bxg6+ Ke7 37.Qxe1 Ne3
38.Qb1  1-0

[Event "It Chiburdanidze"]
[Site "Tblisi GEO"]
[Date "2004.12.08"]
[Round "6"]
[White "Charkhalashvili,I"]
[Black "Gvetadze,S"]
[Result "0-1"]
[WhiteElo "2278"]
[BlackElo "2324"]

1.d4 d5 2.c4 c6 3.Nc3 Nf6 4.Nf3 a6 5.cxd5 cxd5 6.Qa4+ b5 7.Qb3 e6 8.Ne5 Qb6
9.e3 Nbd7 10.Nd3 Bd6 11.Be2 O-O 12.O-O Qb8 13.h3 b4 14.Na4 Ne4 15.Bf3 a5
16.Bxe4 dxe4 17.Nf4 Ba6 18.Re1 Rc8 19.Qd1 Nf6 20.Bd2 Qa7 21.Nh5 Nd5 22.Rc1 Rxc1
23.Bxc1 Rc8 24.f3 Bd3 25.fxe4 Bxe4 26.Nc5 Bxc5 27.dxc5 Qxc5 28.Ng3 Bg6 29.Kh2 Qc7
30.Qf3 Nf6 31.Kh1 Qe5 32.e4 Nxe4 33.Bf4 Nxg3+ 34.Bxg3 Qxb2 35.Qb7 Qc3 36.Kh2 h6
37.Re5 Rc5 38.h4 h5 39.Qa6 a4 40.Rg5 b3 41.axb3 axb3 42.Be5 Qc4  0-1

[Event "Open"]
[Site "Banja Luka BIH"]
[Date "2004.12.09"]
[Round "6"]
[White "Milanovic,Da"]
[Black "Stojanovic,Da"]
[Result "1-0"]
[WhiteElo "2434"]
[BlackElo "2442"]

1.d4 d5 2.c4 c6 3.Nf3 Nf6 4.Nc3 a6 5.Ne5 Nbd7 6.Bf4 dxc4 7.Nxc4 b5 8.Ne5 Bb7
9.e3 e6 10.Qf3 Nxe5 11.Bxe5 Nd7 12.Bf4 Qb6 13.Bd3 c5 14.Be4 Bxe4 15.Nxe4 Rc8
16.O-O Qc6 17.dxc5 f5 18.Nd6+ Bxd6 19.Bxd6 Qxf3 20.gxf3 a5 21.Rfc1 Rc6 22.a4 b4
23.f4 Kf7 24.Rc2 Rhc8 25.Rac1 h6 26.h4 Kf6 27.Kg2 e5 28.f3 g5 29.hxg5+ hxg5
30.fxg5+ Kxg5 31.Kg3 Kf6 32.Kf2 Ke6 33.e4 fxe4 34.fxe4 Rh8 35.Ke2 Nf6 36.Kd3 Rh3+
37.Kc4 Nxe4 38.Kb5 Rc8 39.Rd1 b3 40.Re2 Rh4 41.Kxa5 Kf5 42.Kb5 Nxd6+ 43.Rxd6 e4
44.a5 Kf4 45.Rf6+ Ke5 46.Rc6 Rd8 47.a6 Rh7 48.Rb6 Rc8 49.Rb7 Rh5 50.a7 Kd4
51.Rd7+ Ke5 52.Rc7  1-0

[Event "UTD GM"]
[Site "Dallas USA"]
[Date "2004.12.09"]
[Round "3"]
[White "Simutowe,A"]
[Black "Ramirez,Al"]
[Result "1/2-1/2"]
[WhiteElo "2424"]
[BlackElo "2519"]

1.Nf3 d5 2.d4 Nf6 3.c4 c6 4.Nc3 a6 5.a4 e6 6.Bg5 Nbd7 7.cxd5 exd5 8.e3 Be7
9.Qc2 O-O 10.Bd3 Re8 11.O-O Nf8 12.Ne5 Ng4 13.Bxe7 Qxe7 14.Nxg4 Bxg4 15.Rae1 Bh5
16.f4 Rad8 17.h3 f6 18.e4 Qb4 19.exd5 Qxd4+ 20.Kh2 Rxe1 21.Rxe1 cxd5 22.g3 Qb4
23.Qf2 d4 24.Ne4 Bg6 25.g4 Bxe4 26.Rxe4 Qxa4 27.Qe2 Ng6 28.Kg3 Qd7 29.h4 b5
30.h5 Nf8 31.Re7 Qd6 32.Qe4 Qd5 33.Qe1 Rd6 34.f5 Rd7 35.Re8 Qd6+ 36.Kh3 Kf7
37.Qe4 Qd5 38.Qe2 h6 39.b4 Qd6 40.Ra8 Qe5 41.Qa2+ Qd5 42.Rxa6 Qxa2 43.Rxa2 Ke7
44.Kg3 Rc7 45.Bxb5 Rb7 46.Ra5 Nh7 47.Kf2 Ng5 48.Ke2 Ne4 49.Kd3 Nd6 50.Bc6 Rxb4
51.Ra7+ Kf8 52.Ra8+ Ke7  1/2-1/2

[Event "ch-IND"]
[Site "Visakhapatnam IND"]
[Date "2004.12.09"]
[Round "7"]
[White "Sundararajan,K"]
[Black "Neelotpal,D"]
[Result "1/2-1/2"]
[WhiteElo "2476"]
[BlackElo "2458"]

1.Nf3 d5 2.d4 c6 3.c4 Nf6 4.Nc3 a6 5.c5 Nbd7 6.h3 Qc7 7.Bg5 e5 8.e3 Be7 9.Be2 h6
10.Bh4 exd4 11.exd4 b6 12.cxb6 Qxb6 13.O-O O-O 14.Na4 Qc7 15.Rc1 Bd6 16.Qc2 Bb7
17.Nc5 Bf4 18.Rcd1 Nxc5 19.dxc5 Nd7 20.Nd4 Rfe8 21.Bd3 Ne5 22.Rfe1 Nxd3 23.Qxd3 Qa5
24.Rxe8+ Rxe8 25.Bg3 Bg5 26.Qb3 Bc8 27.Qb6 Qxb6 28.cxb6 Bd8 29.Bc7 Bxc7 30.bxc7 Re7
31.Rc1 Rxc7 32.Rxc6 Rxc6 33.Nxc6 Kf8 34.Kf1 Ke8 35.b4 Kd7 36.Nd4 Kd6 37.Ke2 g5
38.Ke3 Bd7 39.f4 f6 40.Kf3 h5 41.Ke3 Kc7 42.Kf3 g4+ 43.hxg4 Bxg4+ 44.Ke3 h4
45.Kf2 Bd7 46.Kf3 Kb6 47.a3 a5 48.Kf2 axb4 49.axb4 Bg4 50.Ke3 Bd7 51.Kf3 Bc8
52.Kf2 Bg4 53.Ke3  1/2-1/2

[Event "Region Champ"]
[Site "Voronezh RUS"]
[Date "2004.12.11"]
[Round "9"]
[White "Lukovnikov,A"]
[Black "Chuprikov,D"]
[Result "0-1"]
[WhiteElo "2351"]
[BlackElo "2396"]

1.d4 d5 2.Nf3 Nf6 3.c4 c6 4.Nc3 a6 5.e3 b5 6.cxd5 cxd5 7.Ne5 e6 8.Bd3 Nbd7
9.f4 Bb7 10.O-O Bd6 11.Bd2 O-O 12.Rf3 Ne4 13.Rh3 g6 14.Be1 Rc8 15.Qg4 f5
16.Qe2 Nxe5 17.fxe5 Be7 18.a4 Ng5 19.Rg3 b4 20.Na2 a5 21.Nc1 Ne4 22.Rf3 Ra8
23.Nb3 Bc6 24.Bc2 Qb8 25.Rh3 Qd8 26.Nc1 Bb7 27.Nd3 Ba6 28.Qd1 Rc8 29.Nf4 Qd7
30.Bxe4 dxe4 31.Rg3 Kg7 32.Qh5 Qe8 33.Nxe6+ Kh8 34.Qh6 Qf7 35.Nf4 Rg8 36.d5 Bf8
37.Qh3 g5 38.e6 Qf6 39.Nh5 Qxb2 40.Rd1 Qe2 41.Qxf5 Qxd1 42.h3 Qxh5  0-1

[Event "Open"]
[Site "Ashdod ISR"]
[Date "2004.12.13"]
[Round "6"]
[White "Roiz,M"]
[Black "Najer,E"]
[Result "1/2-1/2"]
[WhiteElo "2560"]
[BlackElo "2624"]

1.d4 d5 2.c4 c6 3.Nf3 Nf6 4.Nc3 a6 5.c5 Nbd7 6.Bf4 Nh5 7.Bd2 Nhf6 8.h3 e5
9.Nxe5 Nxe5 10.dxe5 Nd7 11.e4 Bxc5 12.exd5  1/2-1/2

[Event "FSGM December"]
[Site "Budapest HUN"]
[Date "2004.12.13"]
[Round "10"]
[White "Paschall,W"]
[Black "Fogarasi,T"]
[Result "1/2-1/2"]
[WhiteElo "2394"]
[BlackElo "2425"]

1.Nf3 Nf6 2.c4 c6 3.d4 d5 4.Nc3 a6 5.a4 e6 6.g3 dxc4 7.Bg2 c5 8.dxc5 Qxd1+
9.Nxd1 Nc6 10.Ne3 Bxc5 11.Nxc4 Ke7 12.O-O Rd8 13.b3 Nd5 14.Bb2 f6 15.Rfc1 Bd7
16.Nce5 Bd6 17.Nxc6+ Bxc6 18.Nd4 Bd7 19.Bxd5 exd5 20.Ba3 Bxa3 21.Rxa3  1/2-1/2

[Event "III Pereyra Mem"]
[Site "Mendoza ARG"]
[Date "2004.12.14"]
[Round "6"]
[White "Garcia Palermo,C"]
[Black "Soppe,G"]
[Result "1-0"]
[WhiteElo "2459"]
[BlackElo "2433"]

1.d4 d5 2.c4 c6 3.Nf3 Nf6 4.Nc3 a6 5.cxd5 cxd5 6.Bg5 Ne4 7.Bh4 Nc6 8.e3 Qa5
9.Qb3 e6 10.Bd3 f5 11.g4 Nxc3 12.bxc3 fxg4 13.Ng5 Be7 14.Qc2 Bd7 15.O-O O-O-O
16.Rab1 Kb8 17.Bg3+ Ka8 18.Nf7 h5 19.Nxh8 Rxh8 20.Bg6 h4 21.Bf4 Bf6 22.Qb3 Bc8
23.Rfd1 Qd8 24.Qb6 Qxb6 25.Rxb6 Bd8 26.Rb2 Na5 27.f3 gxf3 28.Rf2 Nc4 29.Rxf3 e5
30.dxe5 Bg4 31.Kf2 Nb6 32.h3 Bxf3 33.Kxf3 Be7 34.Kg4 Rc8 35.Rd3 Rc4 36.Kf5 Ba3
37.Bf7 Kb8 38.Bxd5 Nxd5 39.Rxd5 Kc8 40.e6 Rxc3 41.Kg6 Rc2 42.Kf7  1-0

[Event "Master Open"]
[Site "Singapore SIN"]
[Date "2004.12.14"]
[Round "5"]
[White "Wu Wenjin"]
[Black "Zhang Pengxiang"]
[Result "1/2-1/2"]
[WhiteElo "2531"]
[BlackElo "2519"]

1.d4 d5 2.c4 c6 3.Nf3 Nf6 4.Nc3 a6 5.cxd5 cxd5 6.Bf4 Nc6 7.e3 Bg4 8.h3 Bxf3
9.Qxf3 e6 10.Bd3 Bd6 11.Bg5 h6 12.Bh4 Be7 13.Rc1 O-O 14.O-O Rc8 15.Bb1 Nd7
16.Bg3 Bg5 17.Rcd1 f5 18.Ne2 Re8 19.Rc1 Qe7 20.Rc3 Qf7 21.Rfc1 Bd8 22.Bd6 Nf6
23.Ng3 Ba5 24.R3c2 Qd7 25.Bf4 Bb6 26.Qd1 Qe7 27.Nf1 Bc7 28.Bxc7 Rxc7 29.Nd2 Rec8
30.Rc3 Qd6 31.Bd3 Nb4 32.Rxc7 Rxc7 33.Rxc7 Qxc7 34.Bb1 Nc6 35.Qc1 Qd6 36.a3 Ne4
37.Nb3 Kf7 38.Bd3 Ke7  1/2-1/2

[Event "XVII Torre Mem"]
[Site "Yucatan MEX"]
[Date "2004.12.14"]
[Round "3"]
[White "Gonzalez Zamora,J"]
[Black "Arias,Le"]
[Result "1-0"]
[WhiteElo "2524"]
[BlackElo "2312"]

1.d4 d5 2.Nf3 Nf6 3.c4 c6 4.Nc3 a6 5.e3 b5 6.b3 e6 7.Bd3 Nbd7 8.O-O Be7 9.Qc2 O-O
10.c5 b4 11.Na4 a5 12.a3 Ba6 13.Bxa6 Rxa6 14.axb4 axb4 15.Ne1 Ne4 16.Nd3 Qa5
17.f3 Nc3 18.Bd2 e5 19.Nxc3 Qxa1 20.Na4  1-0

[Event "Open"]
[Site "Ashdod ISR"]
[Date "2004.12.15"]
[Round "9"]
[White "Psakhis,L"]
[Black "Gofshtein,Z"]
[Result "1/2-1/2"]
[WhiteElo "2545"]
[BlackElo "2534"]

1.Nf3 d5 2.d4 Nf6 3.c4 c6 4.Nc3 a6 5.e3 e6 6.c5 Nbd7 7.b4 g6 8.Bb2 Bg7 9.Be2 O-O
10.O-O Qc7 11.Na4 Ne4 12.Nd2 Nxd2 13.Qxd2 e5 14.dxe5 Bxe5 15.Bxe5 Qxe5 16.Qd4 Re8
17.Qxe5 Rxe5 18.Rfd1 Nf6 19.Rd4 h5 20.h3 Bf5 21.a3  1/2-1/2

[Event "ch-IND"]
[Site "Visakhapatnam IND"]
[Date "2004.12.17"]
[Round "18"]
[White "Harika,D"]
[Black "Gupta,Ab"]
[Result "1/2-1/2"]
[WhiteElo "2391"]
[BlackElo "2412"]

1.d4 d5 2.c4 c6 3.Nf3 Nf6 4.Nc3 a6 5.e3 b5 6.b3 Bg4 7.Be2 Nbd7 8.O-O e6 9.h3 Bh5
10.Bb2 Bd6 11.Ne5 Bxe2 12.Nxe2 Qc7 13.cxd5 cxd5 14.Rc1 Qb8 15.Nxd7 Nxd7 16.e4 dxe4
17.d5 O-O 18.dxe6 Nc5 19.Nf4 Ra7 20.Bd4 Bxf4 21.Bxc5 Bxc1  1/2-1/2

[Event "4th NAO GM"]
[Site "Paris FRA"]
[Date "2004.12.18"]
[Round "4"]
[White "Kazhgaleyev,M"]
[Black "Dunis,A"]
[Result "1/2-1/2"]
[WhiteElo "2607"]
[BlackElo "2461"]

1.d4 d5 2.c4 c6 3.Nc3 Nf6 4.Nf3 a6 5.h3 e6 6.cxd5 cxd5 7.Bf4 Bd6 8.e3 Nc6
9.Bd3 Bxf4 10.exf4 Qb6 11.a3 Bd7 12.Na4 Qa7 13.Bc2 Rc8 14.O-O b5 15.Nc3 O-O
16.Rc1 Rc7 17.Bb1 Rfc8 18.g4 Ne4 19.Re1 b4 20.axb4 Nxb4 21.Ne5 Be8 22.Bxe4 dxe4
23.Rxe4 Rd8 24.Ra1 Qb7 25.Re3 Nd5 26.Nxd5 Rxd5 27.b3 Rc8 28.Ra2 Rcd8 29.Rd2 Qb6
30.Nc4 Qa7 31.Red3 Bb5 32.Ne3 Bxd3 33.Nxd5 Rxd5 34.Rxd3 g6 35.Qd2 Qd7 36.Qe3 a5
37.Qe4 Qd6 38.Kg2 Kg7 39.Kg3 h5 40.Kg2 hxg4 41.hxg4 f5 42.gxf5 Rxf5 43.Rf3 Qd5
44.Qxd5 Rxd5 45.Rd3 Kf6 46.Kf3 Kf5 47.Ke3 Rb5 48.Rc3 Rb4 49.Rc5+ Kf6 50.Rxa5 Rxb3+
51.Ke4 Rb1 52.Ra6 Re1+ 53.Kf3 Rd1 54.Ke3 Re1+ 55.Kd2 Re4 56.Kd3 Kf5 57.f3 Rxf4
58.Ke3 Rh4 59.Ra8 Kf6 60.Rf8+  1/2-1/2

[Event "Open"]
[Site "Zadar CRO"]
[Date "2004.12.18"]
[Round "8"]
[White "Bender,I"]
[Black "Sirnik,B"]
[Result "1-0"]
[WhiteElo "2288"]
[BlackElo "2151"]

1.d4 d5 2.c4 c6 3.Nf3 Nf6 4.Nc3 a6 5.cxd5 cxd5 6.Bf4 Nc6 7.e3 Bg4 8.Be2 e6
9.h3 Bxf3 10.Bxf3 Bd6 11.Bxd6 Qxd6 12.O-O O-O 13.Rc1 Rac8 14.Be2 Rc7 15.Bd3 Rfc8
16.Na4 Nd7 17.Qd2 Ncb8 18.Rxc7 Qxc7 19.Rb1 b5 20.Nc3 Qb7 21.Rc1 Nb6 22.b3 N8d7
23.Ne2 Rxc1+ 24.Qxc1 Nc8 25.Qc2 h6 26.Qc1 Nd6 27.Bb1 Qc8 28.Qxc8+ Nxc8 29.Bd3 Ndb6
30.Kf1 Nd6 31.Ke1 Kf8 32.Kd2 Ke7 33.f3 Kd7 34.Kc3 a5 35.Kd2 Kc6 36.e4 b4
37.e5 Ne8 38.f4 f5 39.exf6 Nxf6 40.Ke3 Nc8 41.g4 Nd6 42.Ng3 g5 43.Kf3 Kd7
44.Kg2 Ke7 45.Ne2 Nfe4 46.h4 gxh4 47.Bxe4 Nxe4 48.Kh3 Nc3 49.Nc1 Nb5 50.Kxh4 Nxd4
51.Kh5 Kf7 52.Kxh6 Nf3 53.Nd3 e5 54.fxe5 d4 55.g5 Nh4 56.Nf4 Ke7 57.g6 Nf5+
58.Kh7 Kf8 59.Ne6+ Ke7 60.Nxd4  1-0

[Event "Open A"]
[Site "Bethune FRA"]
[Date "2004.12.26"]
[Round "1"]
[White "Houdart,D"]
[Black "Guilbert,J"]
[Result "1-0"]
[WhiteElo "2236"]
[BlackElo "2041"]

1.Nf3 d5 2.d4 Nf6 3.c4 c6 4.Nc3 a6 5.a4 e6 6.Bg5 Nbd7 7.e3 Bb4 8.Rc1 Qa5
9.Bxf6 Nxf6 10.Bd3 dxc4 11.Bxc4 Nd5 12.Qc2 b5 13.Bb3 Bb7 14.O-O Bxc3 15.bxc3 O-O
16.Ne5 Nf6 17.Nd3 Nd7 18.Ra1 Qb6 19.a5 Qa7 20.c4 Rac8 21.c5 Rce8 22.f4 Kh8
23.Rf3 Nf6 24.Nf2 Qb8 25.g4 Nd5 26.Ne4 f5 27.gxf5 exf5 28.Bxd5 cxd5 29.Nd6 Re6
30.Nxf5 Qe8 31.Nd6 Qe7 32.Rh3 g5 33.Nxb7 Qxb7 34.fxg5 Qe7 35.Re1 Qxg5+ 36.Rg3 Qf5
37.Qxf5 Rxf5 38.Rf1 Rxf1+ 39.Kxf1 Rh6 40.Rg2 Re6 41.Ke2  1-0

[Event "Open A"]
[Site "Bethune FRA"]
[Date "2004.12.27"]
[Round "2"]
[White "Mirzoev,A"]
[Black "Houdart,D"]
[Result "1-0"]
[WhiteElo "2513"]
[BlackElo "2236"]

1.d4 d5 2.c4 c6 3.Nc3 Nf6 4.Nf3 a6 5.e3 b5 6.b3 Bg4 7.h3 Bh5 8.g4 Bg6 9.Ne5 e6
10.h4 Bb4 11.Bd2 Bxc3 12.Bxc3 Ne4 13.Bb4 f6 14.Nxg6 hxg6 15.Bg2 f5 16.g5 a5
17.Ba3 b4 18.Bb2 a4 19.f3 Ng3 20.Rh3 f4 21.exf4 Nf5 22.Kf2 a3 23.Bc1 dxc4
24.bxc4 Qxd4+ 25.Qxd4 Nxd4 26.Rh1 c5 27.Bf1 b3 28.axb3 a2 29.Bb2 Nxb3 30.Re1 Kf7
31.Bd3 Nc6 32.Bxg6+ Kxg6 33.Rxe6+ Kh7 34.Rxc6 a1=Q 35.Bxa1 Rxa1 36.Rxa1 Nxa1
37.Rxc5 Kg6 38.Kg3 Nb3 39.f5+ Kh5 40.Rd5 Re8 41.Rd7 Rg8 42.f6 gxf6 43.Rh7+ Kg6
44.Rh6+ Kg7 45.Rxf6 Rc8 46.h5 Rxc4 47.h6+ Kg8 48.g6 Rc8 49.Kg4 Nd4 50.Rd6 Nc6
51.f4 Ne7 52.Rd7 Nxg6 53.Rg7+ Kh8 54.Rxg6 Kh7 55.Kg5 Rc1 56.Rg7+ Kh8 57.Re7 Rc6
58.f5 Kg8 59.f6 Rc1 60.h7+ Kh8 61.f7 Rg1+ 62.Kf4 Rf1+ 63.Ke5 Kg7 64.f8=Q+  1-0

[Event "GM"]
[Site "Augsburg GER"]
[Date "2004.12.28"]
[Round "2"]
[White "Bromberger,S"]
[Black "Atalik,S"]
[Result "0-1"]
[WhiteElo "2440"]
[BlackElo "2541"]

1.d4 d5 2.c4 c6 3.Nc3 Nf6 4.Nf3 a6 5.c5 Bg4 6.Qb3 Ra7 7.Ne5 Bf5 8.h3 g6 9.Bf4 Bg7
10.e3 O-O 11.Be2 Nfd7 12.g4 Be6 13.Nd3 a5 14.Bg3 b6 15.cxb6 Nxb6 16.Na4 Nxa4
17.Qxa4 Qb6 18.Qb3 Nd7 19.Qxb6 Nxb6 20.Rc1 Rc8 21.Rc2 Bd7 22.Nc5 Be8 23.Kd2 Bf8
24.Rhc1 Rca8 25.h4 a4 26.g5 Nc8 27.Nd3 Rb7 28.Nc5 Rba7 29.Nd3 Rb7 30.Ne5 Na7
31.h5 gxh5 32.Rh1 Nc8 33.Nxc6 Bxc6 34.Rxc6 Rxb2+ 35.Rc2 Rxc2+ 36.Kxc2 e6
37.Rxh5 Nd6 38.Bxd6 Bxd6 39.Rh1 Rc8+ 40.Kd3 Bb4 41.Ra1 Rc3+ 42.Kd2 Ra3+ 43.Kd1 Ba5
44.Bb5 Kg7 45.Kc2 Rc3+ 46.Kd1 a3 47.Ke2 Rc2+ 48.Kf3 Bd8 49.Ba4 Rb2 50.Bb3 Bxg5
51.Kg3 f5 52.Rc1 h5 53.Rc2 Be7 54.f3 Bd6+ 55.Kh4 Kg6 56.Kh3 Kg5 57.f4+ Kf6
58.Kh4 Bb4 59.Kxh5 Rxc2 60.Bxc2 Be1  0-1

[Event "Russian Blitz Internet Cup Superfinal"]
[Site "chessassistantclub.com INT"]
[Date "2004.12.28"]
[Round "11"]
[White "Van Wely,L"]
[Black "Panarin,M"]
[Result "1-0"]
[WhiteElo "2681"]
[BlackElo "2482"]

1.d4 d5 2.c4 c6 3.Nc3 Nf6 4.Nf3 a6 5.a4 e6 6.Bg5 Nbd7 7.cxd5 exd5 8.e3 Qa5
9.Nd2 Bb4 10.Qc2 O-O 11.Bd3 h6 12.Bh4 c5 13.O-O cxd4 14.Nb3 Qb6 15.Nxd4 Bxc3
16.Qxc3 Ne5 17.a5 Qd6 18.Bg3 Qe7 19.Rfc1 Ne4 20.Bxe4 dxe4 21.Qc7 Qxc7 22.Rxc7 Nd3
23.b3 f5 24.h3 Rf7 25.Rc3 Bd7 26.Ra2 Nb4 27.Ra1 Nd3 28.Ra2 Nb4 29.Rd2 Nd3
30.Rc4 Bb5 31.Rc3 Bd7 32.h4 g5 33.hxg5 hxg5 34.Ne2 Kg7 35.Rc7 Bc6 36.Nd4 Rxc7
37.Bxc7 Kf6 38.Rc2 Bd5 39.Bb6 f4 40.Rc7 f3 41.Rd7 Bc6 42.Rd6+ Ke5 43.Bc7  1-0

[Event "Russian Blitz Internet Cup Superfinal"]
[Site "chessassistantclub.com INT"]
[Date "2004.12.28"]
[Round "15"]
[White "Ovetchkin,R"]
[Black "Panarin,M"]
[Result "1-0"]
[WhiteElo "2473"]
[BlackElo "2482"]

1.d4 d5 2.c4 c6 3.Nc3 Nf6 4.Nf3 a6 5.c5 g6 6.Bf4 Bg7 7.h3 O-O 8.e3 Nbd7 9.Be2 Ne4
10.Rc1 f5 11.O-O h6 12.Bh2 Qe8 13.b4 e5 14.dxe5 Nxe5 15.Nxe5 Bxe5 16.Bxe5 Qxe5
17.Qd4 Qe7 18.a4 Be6 19.Bf3 g5 20.Rfd1 Rf6 21.b5 axb5 22.axb5 Raf8 23.bxc6 bxc6
24.Rc2 Rg6 25.Qe5 Nxc5 26.Bxd5 cxd5 27.Nxd5 Qf7 28.Rxc5 f4 29.Rc7 Bxd5 30.Rxf7 Bxf7
31.exf4 gxf4 32.Qxf4 Rxg2+ 33.Kxg2 Bd5+ 34.Kg3 Rxf4 35.Kxf4  1-0

[Event "GM"]
[Site "Augsburg GER"]
[Date "2005.01.04"]
[Round "9"]
[White "Atalik,S"]
[Black "Reiss,T"]
[Result "1-0"]
[WhiteElo "2541"]
[BlackElo "2430"]

1.d4 d5 2.c4 c6 3.Nf3 Nf6 4.Nc3 a6 5.e3 b5 6.c5 Nbd7 7.b4 a5 8.bxa5 e5 9.Bd2 e4
10.Ng5 Rxa5 11.a4 bxa4 12.Rxa4 Rxa4 13.Qxa4 Nb8 14.Qa7 Bd7 15.Na4 h6 16.Ba5  1-0

[Event "HSK IM"]
[Site "Hamburg GER"]
[Date "2005.01.05"]
[Round "6"]
[White "Guzman,E"]
[Black "Lindinger,M"]
[Result "1/2-1/2"]
[WhiteElo "2190"]
[BlackElo "2277"]

1.d4 d5 2.Nf3 Nf6 3.c4 c6 4.Nc3 a6 5.cxd5 cxd5 6.Bf4 Nc6 7.e3 Bg4 8.h3 Bxf3
9.Qxf3 e6 10.Bd3 Bd6 11.Bxd6  1/2-1/2